Direct tax laws : (Record no. 208923)
[ view plain ]
| 000 -LEADER | |
|---|---|
| fixed length control field | 00737nam a2200241Ia 4500 |
| 003 - CONTROL NUMBER IDENTIFIER | |
| control field | OSt |
| 005 - DATE AND TIME OF LATEST TRANSACTION | |
| control field | 20260305105314.0 |
| 008 - FIXED-LENGTH DATA ELEMENTS--GENERAL INFORMATION | |
| fixed length control field | 210716s2015 xx 000 0 und d |
| 020 ## - INTERNATIONAL STANDARD BOOK NUMBER | |
| International Standard Book Number | 9789350390993 |
| 040 ## - CATALOGING SOURCE | |
| Transcribing agency | AIMIT LIBRARY |
| 041 ## - LANGUAGE CODE | |
| Language code of text/sound track or separate title | eng |
| 082 ## - DEWEY DECIMAL CLASSIFICATION NUMBER | |
| Classification number | 336.294 |
| Edition number | 1 |
| Item number | MANT |
| 100 ## - MAIN ENTRY--PERSONAL NAME | |
| Personal name | Manoharan, T N. |
| 9 (RLIN) | 257702 |
| 245 ## - TITLE STATEMENT | |
| Title | Direct tax laws : |
| Remainder of title | assessment year 2015-16 / |
| Statement of responsibility, etc. | By T.N. Manoharan and G.R. Hari. |
| 250 ## - EDITION STATEMENT | |
| Edition statement | 25th ed. |
| 260 ## - PUBLICATION, DISTRIBUTION, ETC. | |
| Place of publication, distribution, etc. | Mumbai : |
| Name of publisher, distributor, etc. | Snow White Publications Pvt Ltd , |
| Date of publication, distribution, etc. | 2015. |
| 300 ## - PHYSICAL DESCRIPTION | |
| Extent | lxviii,1048 p.; |
| Other physical details | PB |
| Dimensions | 27.5 cm. |
| 440 ## - SERIES STATEMENT/ADDED ENTRY--TITLE | |
| Title | Assessment year 2016-16 |
| 9 (RLIN) | 257703 |
| 650 ## - SUBJECT ADDED ENTRY--TOPICAL TERM | |
| Topical term or geographic name entry element | Salaries |
| 9 (RLIN) | 257704 |
| 650 ## - SUBJECT ADDED ENTRY--TOPICAL TERM | |
| Topical term or geographic name entry element | Capital gains |
| 9 (RLIN) | 257705 |
| 700 ## - ADDED ENTRY--PERSONAL NAME | |
| Personal name | Hari, G.R. |
| 9 (RLIN) | 257706 |
| 942 ## - ADDED ENTRY ELEMENTS (KOHA) | |
| Source of classification or shelving scheme | Dewey Decimal Classification |
| Koha item type | Book |
| Edition | 1 |
| Call number prefix | 336.294 MANT |
| Withdrawn status | Lost status | Source of classification or shelving scheme | Damaged status | Not for loan | Collection code | Home library | Current library | Shelving location | Date acquired | Cost, normal purchase price | Inventory number | Total Checkouts | Full call number | Barcode | Date last seen | Cost, replacement price | Price effective from | Koha item type |
|---|---|---|---|---|---|---|---|---|---|---|---|---|---|---|---|---|---|---|
| Dewey Decimal Classification | MBA | St Aloysius Institute of Management & Information Technology | St Aloysius Institute of Management & Information Technology | Tax | 03/02/2015 | 1095.00 | Bill no:48405; Bill dt:2015-02-1 | 336.294 MANT | MBA11489 | 05/23/2026 | 930.75 | 07/16/2021 | Book |